[Event "World Team-ch Women 2019"]
[Site "Astana"]
[Date "2019.03.08"]
[Round "4.4"]
[White "Kulkarni Bhakti"]
[Black "Girya, Olga"]
[Result "0-1"]
[WhiteElo "2322"]
[BlackElo "2456"]
[Annotator "TA"]
[PlyCount "126"]
[EventDate "2019.02.05"]
[EventType "team-tourn"]
[EventCountry "KAZ"]
[SourceTitle "playchess.com"]
[Source "ChessBase"]
[SourceQuality "1"]
[WhiteTeam "India"]
[BlackTeam "Russia"]
[WhiteTeamCountry "IND"]
[BlackTeamCountry "RUS"]

{[%evp 19,126,0,0,0,13,0,0,-4,0,-6,0,-10,-12,-13,-6,-10,-8,-14,-8,-69,-68,-131,-127,-136,-146,-137,-114,-107,-117,-154,-148,-141,-145,-181,-149,-152,-156,-159,-134,-143,-143,-135,-132,-130,-114,-118,-103,-89,-98,-108,-110,-114,-81,-81,-81,-83,-81,-96,-81,-75,-75,-75,-81,-67,-50,-96,-96,-96,-96,-96,-96,-77,-68,-93,-93,-109,-113,-112,-87,-87,-87,-87,-87,-84,-65,-177,-172,-124,-68,-64,-75,-170,-177,-559,-475,-4149,-4149,-4149,-4149,-4145,-4145,-4145,-4141,-4141,-4141,-4137,-4137,-29983,-29984]} 1. d4 Nf6 2. c4 e6 3. Nc3 Bb4 4. e3 O-O 5. Nge2 d5 6. a3 Be7 7. cxd5 exd5 8. Nf4 c6 9. Bd3 Re8 10. O-O Nbd7 11. f3 {E46: Nimzo-Indian: Rubinstein: 4 e3 0-0 5 Ne2 without early Bd3} Nf8 12. Bd2 Bd6 (12... Ng6 13. Nfe2 c5 14. Rc1 b6 15. Be1 Bf8 16. Bf2 Bb7 17. Qd2 Qd7 18. g4 cxd4 19. exd4 {1-0 (85) Gupta,A (2613)-Almasi,Z (2684) Caleta 2016}) 13. Qc2 {The position is equal.} Ng6 14. Nfe2 $146 ({Predecessor:} 14. Nxg6 hxg6 15. Ne2 Bc7 16. b4 Qd6 17. g3 a6 18. a4 g5 {0-1 (44) Johansen,O (2112)-Kovachev,D (2256) Oslo 2015}) 14... c5 15. Nb5 c4 16. Bxg6 hxg6 17. Nxd6 Qxd6 18. Ng3 b5 19. a4 (19. Bb4 $11 Qc7 20. Qd2) 19... b4 $15 20. Rfe1 (20. a5 $1 $15) 20... a5 $1 $17 21. e4 dxe4 22. Qxc4 {[%cal Rg3e4]} exf3 {aiming for ...Rxe1+.} 23. Rxe8+ Nxe8 24. gxf3 Ba6 25. Qc5 Qf6 26. Rc1 Qxf3 27. Qc6 Qxc6 28. Rxc6 Bb7 29. Rc5 Bf3 30. Nf1 Nd6 31. Bf4 Ne4 32. Rb5 Bd1 33. Rb8+ Rxb8 34. Bxb8 Bxa4 {[%mdl 4096] Endgame KBN-KBN} 35. Bc7 Bc2 {...a4 is the strong threat.} 36. Bxa5 b3 37. Nd2 Nf6 38. Kf2 Kf8 39. Bb4+ Ke8 40. Nc4 Nd5 41. Ba3 f6 42. Ke2 g5 43. Kd2 Nf4 44. Ne3 Be4 45. Kc3 Ne2+ 46. Kxb3 Nxd4+ 47. Kc4 Nf3 48. Bd6 Kd7 49. Kc5 Ke6 50. b4 f5 51. b5 Ba8 52. b6 (52. Bc7 $1 $15) 52... f4 $19 53. Ng4 Kf5 ({Black should play} 53... Nd2 $1 $17 {[%cal Rd2e4]} 54. Bc7 Ne4+ 55. Kd4 Nd6) 54. h3 $15 Ke4 {Hoping for ...Ng1.} 55. Be7 (55. Nf2+ $17 {was called for.} Ke3 56. Ng4+ Ke2 57. Be7) 55... Ng1 $1 $19 {[%cal Rg1h3]} 56. Nf2+ $2 (56. Bxg5 Nxh3 57. Bh4) 56... Kf3 57. Bxg5 (57. Nd3 $142 Nxh3 58. Kc4) 57... Kxf2 58. Bxf4 Nxh3 59. Bh2 g5 60. Kd6 Nf4 61. Ke5 {[#]} Kf3 $1 62. Kf5 {[#]} Nh3 $1 63. Ke5 Kg2 {Accuracy: White = 52%, Black = 88%.} 0-1

[Event "World Team-ch Women 2019"]
[Site "Astana"]
[Date "2019.03.08"]
[Round "4.5"]
[White "Danielian, Elina"]
[Black "Tan, Zhongyi"]
[Result "1/2-1/2"]
[WhiteElo "2402"]
[BlackElo "2513"]
[Annotator "TA"]
[PlyCount "76"]
[EventDate "2019.02.05"]
[EventType "team-tourn"]
[EventCountry "KAZ"]
[SourceTitle "playchess.com"]
[Source "ChessBase"]
[SourceQuality "1"]
[WhiteTeam "Armenia"]
[BlackTeam "China"]
[WhiteTeamCountry "ARM"]
[BlackTeamCountry "CHN"]

{[%evp 23,76,0,0,-10,0,0,-13,-15,0,0,0,0,0,5,10,12,10,0,0,-18,0,0,-13,0,0,-12,0,0,0,0,0,0,0,0,53,-206,-231,-225,-220,-328,-331,-327,-12,-10,-10,-13,-18,-18,0,0,0,-29,0,0,0]} 1. d4 Nf6 2. c4 e6 3. Nc3 Bb4 4. e3 O-O 5. Bd3 d5 6. Nf3 c5 7. O-O cxd4 8. exd4 dxc4 9. Bxc4 b6 10. Bg5 Bb7 11. Re1 Nbd7 12. Rc1 Rc8 13. Bd3 {E54: Nimzo-Indian: Rubinstein: Main Line: 7...dxc4 8 Bxc4} h6 14. Bh4 Be7 (14... a6 15. Qe2 b5 16. Ne5 Be7 17. Bg3 b4 18. Na4 Nxe5 19. dxe5 Nd5 20. Bxa6 Bxa6 21. Qxa6 {½-½ (33) Korobov,A (2692)-Anand,V (2779) Doha 2016}) 15. Bb1 {[#]} b5 $1 {[%mdl 512]} 16. a3 {[#]} (16. Nxb5 Rxc1) 16... Re8 $146 ({Predecessor:} 16... a6 17. Ne5 Re8 18. Qd3 Nxe5 19. Rxe5 g6 20. h3 {½-½ (75) Jones,G (2645)-Horvath,A (2531) Zalakaros 2014}) 17. Ne5 Nxe5 18. dxe5 Nd7 19. Bg3 a6 20. h4 (20. Qd3 {feels hotter.} Nf8 21. Qe2 Qb6 22. Ne4 Bxe4 23. Bxe4 Red8 24. Rxc8 Rxc8 25. Rd1) 20... Nf8 21. h5 Rc4 22. Ne4 Rxc1 23. Qxc1 Qd5 24. Bf4 Rc8 25. Qe3 Rc4 26. Qg3 Kh8 27. Kh2 Qd4 {[%cal Rb7e4]} 28. Bd3 Ra4 (28... Rc8 $11) 29. Re3 $2 {[%mdl 8192]} (29. Bc1 $1 $14) 29... Bxe4 $19 ({Resist} 29... Qxb2 30. Nf6 $17) 30. Bxe4 Qxb2 31. Rb3 (31. Qf3 {was worth a try.}) 31... Qe2 32. f3 Rxa3 $2 ({Less strong is} 32... Bxa3 33. Rc3 $15) (32... Nd7 $19 {White must now prevent ...Nc5.} 33. Re3 Qb2) 33. Rxa3 $11 Bxa3 {[#]} 34. Bxh6 $1 {[%mdl 512]} gxh6 35. Qf4 Kg8 36. Qg3+ Kh8 37. Qf4 Kg8 {...Qe1 is the strong threat.} (37... Be7 $5 {[%cal Rh8g7]} 38. Qxf7 Qb2 39. Qxe7 Qxe5+ {[%mdl 64] Double Attack} 40. g3 Qxh5+ 41. Kg2 Kg8 $15) 38. Qg3+ Kh8 {Accuracy: White = 57%, Black = 64%.} 1/2-1/2

[Event "World Team-ch Women 2019"]
[Site "Astana"]
[Date "2019.03.08"]
[Round "4.6"]
[White "Huang, Qian"]
[Black "Mkrtchian, Lilit"]
[Result "1/2-1/2"]
[WhiteElo "2441"]
[BlackElo "2390"]
[Annotator "NA"]
[PlyCount "85"]
[EventDate "2019.02.05"]
[EventType "team-tourn"]
[EventCountry "KAZ"]
[SourceTitle "playchess.com"]
[Source "ChessBase"]
[SourceQuality "1"]
[WhiteTeam "China"]
[BlackTeam "Armenia"]
[WhiteTeamCountry "CHN"]
[BlackTeamCountry "ARM"]
[TimeControl "40/5400+30:1800+30"]

1. d4 {[%emt 0:00:00]} e6 {[%emt 0:00:02]} 2. c4 {[%emt 0:03:01]} b6 {[%emt 0:00:31]} 3. Nf3 {[%emt 0:00:57]} Bb7 {[%emt 0:00:53]} 4. g3 {[%emt 0:02:40]} Bb4+ {[%emt 0:00:48]} 5. Nc3 {[%emt 0:02:41]} Bxc3+ {[%emt 0:02:18]} 6. bxc3 {[%emt 0:00:09]} Nf6 {[%emt 0:00:12]} 7. Bg2 {[%emt 0:04:47]} O-O {[%emt 0:00:07]} 8. O-O {[%emt 0:03:04]} Re8 {[%emt 0:01:36]} 9. Re1 {[%emt 0:02:38]} d6 {[%emt 0:08:12]} 10. Nd2 {[%emt 0:29:01]} Bxg2 {[%emt 0:01:10]} 11. Kxg2 {[%emt 0:00:05]} e5 {[%emt 0:14:13]} 12. e4 {[%emt 0:02:18]} Nc6 {[%emt 0:06:31]} 13. Bb2 {[%emt 0:02:33]} Na5 {[%emt 0:02:36]} 14. Qa4 {[%emt 0:06:41]} Qd7 {[%emt 0:08:23]} 15. Qxd7 {[%emt 0:03:43]} Nxd7 {[%emt 0:00:13]} 16. f3 {[%emt 0:00:15]} c5 {[%emt 0:01:42]} 17. d5 {[%emt 0:05:18]} Rf8 {[%emt 0:15:24]} 18. Kf2 {[%emt 0:07:23]} g6 {[%emt 0:06:50]} 19. Ke2 {[%emt 0:02:16]} f5 {[%emt 0:00:14]} 20. Rf1 {[%emt 0:00:04]} Rf7 {[%emt 0:00:14]} 21. Rf2 {[%emt 0:03:55]} Raf8 {[%emt 0:00:25]} 22. Raf1 {[%emt 0:00:10]} Nf6 {[%emt 0:06:12]} 23. Bc1 {[%emt 0:01:13]} Kg7 {[%emt 0:02:15]} 24. Kd3 {[%emt 0:02:53]} Nd7 {[%emt 0:06:22]} 25. Ke2 {[%emt 0:01:15]} h5 {[%emt 0:02:36]} 26. h4 {[%emt 0:02:38]} Rb8 {[%emt 0:03:40]} 27. Kd3 {[%emt 0:02:48]} Rbf8 {[%emt 0:00:16]} 28. Ke2 {[%emt 0:00:04]} Rb8 {[%emt 0:00:30]} 29. Kd3 {[%emt 0:00:05]} a6 {[%emt 0:05:37]} 30. a4 {[%emt 0:00:57]} Rbf8 {[%emt 0:00:29]} 31. Ke2 {[%emt 0:00:04]} Nf6 {[%emt 0:01:27]} 32. Kd3 {[%emt 0:00:26]} Nd7 {[%emt 0:02:09]} 33. Ke2 {[%emt 0:00:05]} Rb8 {[%emt 0:01:26]} 34. Kd3 {[%emt 0:00:03]} Rbf8 {[%emt 0:00:04]} 35. Ke2 {[%emt 0:00:04]} Nf6 {[%emt 0:00:30]} 36. Kd3 {[%emt 0:00:07]} fxe4+ {[%emt 0:00:44]} 37. fxe4 {[%emt 0:00:08]} Ng4 {[%emt 0:00:04]} 38. Rxf7+ {[%emt 0:00:06]} Rxf7 {[%emt 0:00:01]} 39. Rxf7+ {[%emt 0:01:08]} Kxf7 {[%emt 0:00:03]} 40. Ke2 {[%emt 0:00:00]} Ke8 {[%emt 0:00:00]} 41. Kd3 {[%emt 0:04:59]} Nf2+ {[%emt 0:09:11]} 42. Ke2 {[%emt 0:00:04]} Ng4 {[%emt 0:00:08]} 43. Kd3 {[%emt 0:00:04]} 1/2-1/2

[Event "World Team-ch Women 2019"]
[Site "Astana"]
[Date "2019.03.08"]
[Round "4.7"]
[White "Sargsyan, Anna M."]
[Black "Lei, Tingjie"]
[Result "1/2-1/2"]
[WhiteElo "2340"]
[BlackElo "2477"]
[Annotator "RC"]
[PlyCount "85"]
[EventDate "2019.02.05"]
[EventType "team-tourn"]
[EventCountry "KAZ"]
[SourceTitle "playchess.com"]
[Source "ChessBase"]
[SourceQuality "1"]
[WhiteTeam "Armenia"]
[BlackTeam "China"]
[WhiteTeamCountry "ARM"]
[BlackTeamCountry "CHN"]
[TimeControl "40/5400+30:1800+30"]

1. d4 {[%emt 0:00:00]} Nf6 {[%emt 0:00:09]} 2. c4 {[%emt 0:00:00]} g6 {[%emt 0:01:04]} 3. g3 {[%emt 0:00:00]} c6 {[%emt 0:00:34]} 4. Bg2 {[%emt 0:00:07]} d5 {[%emt 0:00:05]} 5. Nf3 {[%emt 0:00:09]} Bg7 {[%emt 0:00:11]} 6. O-O {[%emt 0:00:08]} O-O {[%emt 0:02:24]} 7. Qb3 {[%emt 0:00:06]} Qb6 {[%emt 0:00:50]} 8. Nc3 {[%emt 0:00:08]} Rd8 {[%emt 0:00:04]} 9. Rd1 {[%emt 0:01:04]} Bf5 {[%emt 0:03:29]} 10. Ne1 {[%emt 0:00:06]} dxc4 {[%emt 0:01:50]} 11. Qxc4 {[%emt 0:00:13]} Na6 {[%emt 0:00:02]} 12. e4 {[%emt 0:11:52]} Be6 {[%emt 0:00:04]} 13. Qa4 {[%emt 0:07:20]} Bg4 {[%emt 0:00:03]} 14. Bf3 {[%emt 0:07:38]} Rac8 {[%emt 0:18:50]} 15. Kg2 {[%emt 0:21:57]} c5 {[%emt 0:16:01]} 16. d5 {[%emt 0:04:01]} c4 {[%emt 0:01:38]} 17. Qc2 {[%emt 0:11:37]} Bxf3+ {[%emt 0:02:01]} 18. Nxf3 {[%emt 0:00:14]} Nb4 {[%emt 0:00:23]} 19. Qe2 {[%emt 0:00:21]} Nd3 {[%emt 0:00:25]} 20. Ne1 {[%emt 0:04:09]} Nxc1 {[%emt 0:03:02]} 21. Raxc1 {[%emt 0:00:07]} e6 {[%emt 0:00:23]} 22. Nf3 {[%emt 0:03:32]} exd5 {[%emt 0:04:09]} 23. e5 {[%emt 0:04:39]} Re8 {[%emt 0:01:34]} 24. Nxd5 {[%emt 0:03:04]} Nxd5 {[%emt 0:00:39]} 25. Rxd5 {[%emt 0:00:01]} Qc6 {[%emt 0:06:13]} 26. Rcd1 {[%emt 0:00:22]} c3 {[%emt 0:00:55]} 27. bxc3 {[%emt 0:00:30]} Qxc3 {[%emt 0:00:08]} 28. Qb5 {[%emt 0:03:41]} Qc6 {[%emt 0:03:56]} 29. Qxc6 {[%emt 0:00:28]} bxc6 {[%emt 0:01:01]} 30. Rc5 {[%emt 0:07:42]} Bf8 {[%emt 0:05:19]} 31. Rc4 {[%emt 0:00:08]} c5 {[%emt 0:02:40]} 32. Rd7 {[%emt 0:02:10]} a6 {[%emt 0:01:30]} 33. Ra7 {[%emt 0:02:49]} Re6 {[%emt 0:00:20]} 34. h4 {[%emt 0:01:23]} h6 {[%emt 0:00:44]} 35. g4 {[%emt 0:02:05]} Rb8 {[%emt 0:02:00]} 36. Ra4 {[%emt 0:00:21]} Rb4 {[%emt 0:07:51]} 37. R7xa6 {[%emt 0:01:45]} Rxa6 {[%emt 0:00:35]} 38. Rxa6 {[%emt 0:00:05]} Rxg4+ {[%emt 0:00:02]} 39. Kf1 {[%emt 0:00:41]} Re4 {[%emt 0:01:28]} 40. Ra8 {[%emt 0:00:00]} Kg7 {[%emt 0:00:00]} 41. Ra7 {[%emt 0:05:05]} Kg8 {[%emt 0:22:14]} 42. Ra8 {[%emt 0:00:17]} Kg7 {[%emt 0:00:45]} 43. Ra7 {[%emt 0:00:12]} 1/2-1/2

[Event "World Team-ch Women 2019"]
[Site "Astana"]
[Date "2019.03.08"]
[Round "4.8"]
[White "Ding, Yixin"]
[Black "Ghukasyan, Siranush"]
[Result "1-0"]
[WhiteElo "2432"]
[BlackElo "2221"]
[Annotator "TA"]
[PlyCount "137"]
[EventDate "2019.02.05"]
[EventType "team-tourn"]
[EventCountry "KAZ"]
[SourceTitle "playchess.com"]
[Source "ChessBase"]
[SourceQuality "1"]
[WhiteTeam "China"]
[BlackTeam "Armenia"]
[WhiteTeamCountry "CHN"]
[BlackTeamCountry "ARM"]

{[%evp 9,137,7,18,13,17,15,20,9,37,12,31,33,20,29,23,12,8,15,16,3,0,8,7,14,10,5,11,6,7,5,22,0,0,0,32,16,46,41,45,31,38,27,50,52,49,52,52,54,52,60,85,19,35,16,18,18,18,18,35,35,38,33,31,38,44,27,67,67,86,56,64,56,68,69,70,41,42,53,34,34,40,34,34,0,0,0,34,34,301,293,275,262,275,260,497,497,497,497,490,490,490,460,450,448,672,560,1081,1207,1241,1230,875,1178,1032,1001,1047,722,1457,1322,2750,2616,2350,2030,5583,4814,6087,6067,5716,5267,1963,1907]} 1. Nf3 d5 2. g3 c6 3. Bg2 Bg4 4. O-O Nd7 5. d4 e6 6. h3 {A07: Réti Opening: New York and Capablanca Systems} Bh5 7. c4 Bd6 8. cxd5 {The position is equal.} cxd5 9. Nc3 Ngf6 10. Qb3 Qb6 11. Qxb6 Nxb6 12. Nb5 Bb8 $146 13. g4 Bg6 14. Ne5 a6 15. Nc3 O-O 16. Nxg6 hxg6 17. g5 Ne8 18. a4 a5 19. b3 Nd6 20. Bd2 Nf5 21. Nb5 Ne7 22. Bf3 Nc6 23. h4 Nc8 24. e3 Nd6 25. Kg2 Rd8 26. Rh1 Kf8 27. h5 gxh5 28. Rxh5 Ke7 29. Rh7 g6 30. Nc3 (30. Rah1 $16) 30... Bc7 $11 31. Be2 Rh8 32. Rah1 Rxh7 33. Rxh7 Rd8 34. Bd3 {aiming for Nb5.} Rg8 35. f3 Nb4 36. Bb1 Nf5 37. Nd1 Kf8 38. Nf2 Bd8 39. f4 Rg7 40. Rh1 Nc6 41. Nd3 Rg8 42. Nc5 b6 43. Na6 Ke8 44. Bd3 $36 {[%mdl 2048] Hoping for Bb5. White has some pressure.} Nd6 45. Kf3 Kd7 46. Rh7 Be7 47. b4 axb4 (47... Ne4 {seems wilder.} 48. b5 Nxd2+ 49. Ke2 Nb4 50. Kxd2 Nxd3 51. Kxd3 Rf8) 48. Nxb4 Ne4 $2 {[%mdl 8192]} (48... Rf8 $14) 49. Nxc6 $18 Nxd2+ 50. Ke2 {Strongly threatening Ne5+.} Kxc6 51. Rxf7 ({Not} 51. Kxd2 Bb4+ 52. Kd1 Rf8 $14) 51... Nb3 $2 ({Stronger than} 51... Bb4 52. Bb5+ Kd6 53. Rd7#) (51... Kd7) 52. Rxe7 {[%mdl 4096] Endgame KRB-KRN. White is clearly winning.} Nc1+ 53. Kd2 {Threatening mate with Bb5+.} Nxd3 54. Kxd3 {KR-KR} Kd6 55. Rb7 Kc6 56. Ra7 Rh8 (56... Kd6 $142 57. e4 dxe4+ 58. Kxe4 Rh8) 57. Rg7 Ra8 58. Rxg6 Kd7 59. Rg7+ Kd6 60. g6 Rxa4 61. Rb7 Ra3+ 62. Ke2 Ra2+ 63. Kf3 Kc6 {[#]} 64. g7 $3 {[%mdl 512] Rb8 would kill now.} Ra8 {[#]} 65. Ra7 $1 {[%mdl 512]} Rb8 (65... Rxa7 66. g8=Q) 66. Kg4 b5 67. Kg5 b4 68. Kf6 b3 69. Ra1 {Accuracy: White = 63%, Black = 32%.} 1-0

[Event "World Team-ch Women 2019"]
[Site "Astana"]
[Date "2019.03.08"]
[Round "4.9"]
[White "Khotenashvili, Bela"]
[Black "Muzychuk, Mariya"]
[Result "1/2-1/2"]
[WhiteElo "2474"]
[BlackElo "2560"]
[Annotator "TA"]
[PlyCount "85"]
[EventDate "2019.02.05"]
[EventType "team-tourn"]
[EventCountry "KAZ"]
[SourceTitle "playchess.com"]
[Source "ChessBase"]
[SourceQuality "1"]
[WhiteTeam "Georgia"]
[BlackTeam "Ukraine"]
[WhiteTeamCountry "GEO"]
[BlackTeamCountry "UKR"]

{[%evp 17,85,12,13,-16,17,14,26,8,33,28,31,27,31,27,82,83,94,92,98,100,97,100,95,92,91,81,70,64,68,61,76,68,81,77,64,41,41,37,49,43,42,46,74,58,60,60,60,56,74,45,45,45,49,16,22,0,19,0,0,0,0,0,0,0,0,0,10,10,8,15]} 1. d4 Nf6 2. c4 g6 3. g3 Bg7 4. Bg2 d5 5. cxd5 Nxd5 6. Nf3 Nb6 7. Nc3 Nc6 8. e3 O-O 9. O-O Re8 10. a3 {D76: Fianchetto Grünfeld: Main Line with 7...Nb6} a5 (10... e5 11. d5 Na5 12. Qc2 c6 13. b4 Nac4 14. dxc6 bxc6 15. Rd1 Bf5 16. e4 Bd7 17. Na4 Nxa4 18. Qxc4 {½-½ (50) Le,Q (2737)-Ivanchuk,V (2726) Huaian 2017}) 11. d5 Bxc3 12. dxc6 {White has an edge.} Qxd1 13. Rxd1 Bg7 14. Nd4 Rb8 15. Bd2 $36 {[%mdl 2048] White is more active.} Bxd4 (15... Nc4 $1 $11) 16. exd4 $16 Nc4 17. Bf4 bxc6 $146 ({Predecessor:} 17... Nd6 18. Re1 Kf8 19. b4 axb4 20. axb4 bxc6 21. Bxc6 Rd8 22. Ra7 Bd7 {½-½ (22) Blagojevic,D (2480)-Aakanksha,H (2283) Sarajevo 2017}) 18. Bxc6 Rf8 19. Bxc7 Rxb2 {[#]} 20. Re1 $1 e6 21. Rec1 Ba6 {With the idea ...Rc8.} 22. d5 exd5 23. Bxd5 Nb6 24. Bg2 {And now Rc6 would win.} Re8 25. Rc6 Re6 26. Rxe6 (26. Rc5 {looks sharper.} Rbe2 27. h4 a4 28. Ra5 Bc4 29. Rd1) 26... fxe6 27. Rc1 a4 28. h4 {Strongly threatening Rc6.} Nd5 29. Be5 Rb6 30. Bd4 Rd6 $1 31. Rb1 Kf7 32. Bf3 Rd7 33. Bd1 Rc7 34. Be5 Rc5 35. Bd6 Rc6 {The position is equal.} 36. Be5 Nc3 37. Ra1 (37. Bf3 {keeps more tension.} Rc5 38. Bd6 Nxb1 39. Bxc5 Nc3 40. Bd4) 37... Nxd1 38. Rxd1 $11 {KRB-KRB} Ke7 39. Rb1 Kd7 40. Kg2 Rc5 41. f4 Bb5 42. Kf3 h5 43. Ke3 {Accuracy: White = 75%, Black = 62%.} 1/2-1/2

[Event "World Team-ch Women 2019"]
[Site "Astana"]
[Date "2019.03.08"]
[Round "4.10"]
[White "Muzychuk, Anna"]
[Black "Arabidze, Meri"]
[Result "0-1"]
[WhiteElo "2555"]
[BlackElo "2392"]
[Annotator "TA"]
[PlyCount "112"]
[EventDate "2019.02.05"]
[EventType "team-tourn"]
[EventCountry "KAZ"]
[SourceTitle "playchess.com"]
[Source "ChessBase"]
[SourceQuality "1"]
[WhiteTeam "Ukraine"]
[BlackTeam "Georgia"]
[WhiteTeamCountry "UKR"]
[BlackTeamCountry "GEO"]

{[%evp 15,112,8,8,6,10,9,8,23,19,25,47,13,30,16,17,30,56,-61,-55,-59,-55,-59,-61,-56,-56,-58,-54,-54,-56,-69,-28,-46,-31,-40,0,0,0,0,0,0,0,-62,-56,-58,-62,-54,-53,-43,-78,-89,-89,-93,-95,-91,-91,-106,-104,-123,-122,-124,-125,-317,-219,-219,-219,-219,-219,-219,-219,-219,-219,-219,-219,-227,-214,-208,-184,-5057,-4604,-1030,-301,-534,-527,-1510,-1419,-29973,-29974,-29960,-6107,-6130,0,-5193,0,-6070,-6009,-29982,-29980,-29978,-29979]} 1. e4 c5 2. c3 Nf6 3. e5 Nd5 4. Nf3 e6 5. d4 cxd4 6. cxd4 d6 7. Bc4 Nc6 8. O-O Be7 9. Bd2 {B22: Sicilian: 2 c3} (9. Qe2 O-O 10. a3 Bd7 11. exd6 Bxd6 12. Nc3 Nce7 13. Ne4 Bc6 14. Ne5 Rc8 15. Rd1 Bb8 16. Ng5 Be8 17. Bd3 Nf6 18. Ngf3 Ned5 19. Bd2 a6 20. Rac1 Rxc1 21. Rxc1 Qb6 22. Nc4 Qd8 23. Nce5 Qb6 24. Nc4 Qd8 {½-½ (24) Vachier Lagrave,M (2789)-Caruana,F (2816) Leuven 2018}) 9... O-O 10. Nc3 Nb6 11. Bb3 {The position is equal.} dxe5 12. dxe5 Nd7 13. Re1 b6 14. Bc2 Bb7 15. a3 $146 ({Predecessor:} 15. Bf4 Nb4 16. Be4 Nc5 17. Bxb7 Nxb7 {½-½ (41) Lee,G (2290)-Bagaturov,G (2461) Gent 2006}) 15... Re8 16. Qe2 ({White should play} 16. Nb5 $14) 16... Ncxe5 $15 17. Nxe5 Nxe5 18. Rad1 Ng6 19. Ba4 Rf8 20. Bg5 Qb8 21. Bxe7 Nxe7 22. Rd7 Ng6 23. Qe3 Bc8 {...b5 is the strong threat.} 24. Rd2 a6 25. Red1 b5 26. Bc2 Qc7 27. Rd6 Rb8 28. Be4 (28. b4 $11) 28... b4 $36 {[%mdl 2048] White is under pressure.} 29. Na4 bxa3 30. bxa3 Bb7 31. Bxb7 Rxb7 32. g3 {[#]} Rb1 $1 {[%mdl 512]} 33. Rxb1 Qxd6 34. Qc5 Qd3 35. Rc1 h6 36. Nb6 Rd8 37. Nc4 Qe2 38. Qa5 $2 (38. h4 $17) 38... Rd1+ 39. Rxd1 Qxd1+ 40. Kg2 {[#]} Nh4+ $1 {[%mdl 512]} 41. gxh4 {And now Ne3 would win.} Qg4+ {[%mdl 64] Double Attack} 42. Kf1 {Hoping for Ne3.} Qxc4+ $19 {[%mdl 4096] Endgame KQ-KQ} 43. Ke1 h5 ({Don't do} 43... Qxh4 44. Qxa6 Qe4+ 45. Kf1 $17) 44. Qd8+ Kh7 45. Qe7 Qf4 46. Qb7 $2 (46. Qa7) 46... Qe5+ 47. Kd2 Qxh2 $2 (47... Qd5+ 48. Qxd5 exd5) 48. Qxa6 $2 (48. Qxf7 Qxh4 49. Kd3) 48... Qxf2+ 49. Kc3 Qxh4 50. a4 Qe1+ 51. Kc2 Qf2+ (51... f5 $142 52. Qc6 h4 53. Qf3 Kg6 54. Kd3 Qb4 55. Qe3 Qb3+ 56. Ke2 Qxe3+ 57. Kxe3 e5 58. a5 h3 59. Kf2 e4 60. Kg1 e3 61. a6 e2 62. Kf2 h2 63. Kxe2 h1=Q 64. Kd3 Qe4+ 65. Kc3 f4 66. Kd2 f3 67. a7 Qd4+ 68. Kc2 Qxa7 69. Kd3 f2 70. Kc4 f1=Q+ 71. Kc3 Qc5+ 72. Kb3 Qcc4+ 73. Kb2 Qfc1#) 52. Kc3 Qe1+ 53. Kc2 $1 Qf2+ 54. Kc3 $1 h4 55. a5 h3 56. Qd3+ Qf5 {Accuracy: White = 49%, Black = 74%.} 0-1

[Event "World Team-ch Women 2019"]
[Site "Astana"]
[Date "2019.03.08"]
[Round "4.11"]
[White "Javakhishvili, Lela"]
[Black "Ushenina, Anna"]
[Result "1/2-1/2"]
[WhiteElo "2455"]
[BlackElo "2443"]
[Annotator "TA"]
[PlyCount "113"]
[EventDate "2019.02.05"]
[EventType "team-tourn"]
[EventCountry "KAZ"]
[SourceTitle "playchess.com"]
[Source "ChessBase"]
[SourceQuality "1"]
[WhiteTeam "Georgia"]
[BlackTeam "Ukraine"]
[WhiteTeamCountry "GEO"]
[BlackTeamCountry "UKR"]

{[%evp 16,113,20,-7,41,45,44,44,36,28,24,0,4,-53,-18,-18,-16,-16,-16,-17,-25,-18,-16,-21,-20,-20,-7,-10,-8,-8,-7,-8,-8,-9,0,0,0,-18,-13,-24,-17,-17,-17,-17,-13,-25,-8,-20,-23,-55,-22,-22,-22,-114,-44,-44,-44,-116,-110,-104,-108,-111,-112,-168,-160,-901,-840,-820,-802,-658,-606,-1039,-1013,-1197,-1170,-1139,-1055,-1068,-923,-1351,-1098,-808,-8,-8,-8,-8,-8,-8,-8,-8,0,-8,-8,-8,-8,-8,-8,-8,-8,-8]} 1. d4 d5 2. c4 e6 3. Nf3 Nf6 4. g3 dxc4 5. Bg2 c5 6. O-O Nc6 7. dxc5 Qxd1 {E04: Open Catalan: 5 Nf3} 8. Rxd1 Bxc5 9. Nfd2 {LiveBook: 27 Games} (9. Nbd2 c3 10. bxc3 O-O 11. Nb3 Be7 12. c4 Bd7 13. Bb2 Rfd8 14. Nfd4 Rab8 15. Nxc6 Bxc6 16. Rxd8+ Rxd8 17. Bxc6 bxc6 18. Bxf6 Bxf6 19. Rc1 g5 20. c5 Kf8 {1-0 (36) Giri,A (2780)-Wojtaszek,R (2749) Shenzhen 2018}) 9... Nd4 {White must now prevent ...Nc2.} 10. Nc3 Nd5 $146 {[%cal Rd5c3]} ({Predecessor:} 10... O-O 11. Nxc4 a6 12. Be3 e5 13. Nxe5 Ne6 14. Bxc5 Nxc5 15. b4 {1-0 (29) Torwelle,M (1616)-Helmer,C (1368) Rotenburg/Wuemme 2005}) 11. Nxd5 exd5 12. Bxd5 O-O 13. Kg2 Rd8 14. e4 (14. Bxc4 $11 Nc2 15. Rb1) 14... Bg4 15. f3 Be6 {Threatens to win with ...Nc2.} 16. Nxc4 Rxd5 17. exd5 Bxd5 18. Rxd4 Bxd4 19. Be3 Bf6 20. Rc1 b6 21. b3 Rd8 22. h4 h6 23. Kf2 Kf8 24. Rd1 Be6 25. Rxd8+ Bxd8 $11 {[%mdl 4096] Endgame KBB-KBN} 26. Bd4 f6 27. Nd6 Ke7 28. Nb5 a6 29. Nc3 Kd6 30. Ke3 Kc6 31. h5 b5 32. b4 Bf7 33. g4 a5 34. bxa5 (34. a4 $11) 34... Bxa5 ({Better is} 34... b4 $1 $17 {[%cal Rb4c3]} 35. Ne2 Bxa5) 35. a3 $15 Bd8 36. Ne2 ({White should play} 36. Ne4 $15) 36... Be7 $17 37. Bb2 {[#]} Kc5 $1 38. Nd4 Kc4 39. Nf5 (39. Ke4 $17 {was necessary.}) 39... Kb3 $19 40. Nxe7 $2 (40. Ba1 $17 Bf8 41. Nd4+ Ka4 42. Bb2) 40... Kxb2 $17 {KB-KN} 41. Nf5 Kxa3 42. Nd6 Bc4 $1 43. f4 Kb3 44. Kd4 Be2 45. Ke3 Bf1 46. Nf5 b4 47. Nxg7 Ka2 48. Ne6 {[#]} b3 $2 ({Black should try} 48... Bh3 $1 $19 49. Kf3 b3) 49. Nc5 $1 $11 {The position is equal.} Bh3 {[#]} (49... b2 $5 50. Na4 $8 Ka3 51. Nxb2 Kxb2 $11) 50. g5 $1 {[%mdl 512]} fxg5 (50... b2 $5 51. Na4 $8 hxg5 $11) 51. fxg5 hxg5 {[#]} (51... b2 $5 52. Na4 $8 hxg5 $11) 52. Nxb3 $1 {[%mdl 512]} Kxb3 {KB-KP} 53. h6 Bf5 54. Kf3 Kc4 {[#]} 55. h7 $1 {[%mdl 512]} Bxh7 {( -> ...Bf5)} 56. Kg4 Kd5 57. Kxg5 {Precision: White = 45%, Black = 57%.} 1/2-1/2